Statistics for European Countries Beginning With S

Click here to take the quiz!

General Stats

  • This quiz has been taken 46 times
  • The average score is 7 of 7

Answer Stats

Answer% Correct
Slovakia
98%
Slovenia
98%
Sweden
98%
San Marino
95%
Spain
93%
Switzerland
93%
Serbia
91%

Score Distribution

Percentile by Number Answered

Percent of People with Each Score

Your Score History

You have not taken this quiz